<?xml version="1.0" encoding="UTF-8"?>
<record
    xmlns:xsi="http://www.w3.org/2001/XMLSchema-instance"
    xsi:schemaLocation="http://www.loc.gov/MARC21/slim http://www.loc.gov/standards/marcxml/schema/MARC21slim.xsd"
    xmlns="http://www.loc.gov/MARC21/slim">

  <leader>00356nam a2200145Ia 4500</leader>
  <controlfield tag="008">191201s2011    xx            000 0 und d</controlfield>
  <datafield tag="082" ind1=" " ind2=" ">
    <subfield code="a">670</subfield>
    <subfield code="b">PAP</subfield>
  </datafield>
  <datafield tag="100" ind1=" " ind2=" ">
    <subfield code="a">PANDEY, P C</subfield>
  </datafield>
  <datafield tag="245" ind1=" " ind2="0">
    <subfield code="a">Production Engineering and Science</subfield>
  </datafield>
  <datafield tag="250" ind1=" " ind2=" ">
    <subfield code="a">Rep.</subfield>
  </datafield>
  <datafield tag="260" ind1=" " ind2=" ">
    <subfield code="a">N.Delhi</subfield>
    <subfield code="b">Standard Publishere</subfield>
    <subfield code="c">2011</subfield>
  </datafield>
  <datafield tag="300" ind1=" " ind2=" ">
    <subfield code="a">718</subfield>
  </datafield>
  <datafield tag="650" ind1=" " ind2=" ">
    <subfield code="a">B.Tech(ME)</subfield>
  </datafield>
  <datafield tag="942" ind1=" " ind2=" ">
    <subfield code="2">ddc</subfield>
    <subfield code="c">BK</subfield>
    <subfield code="0">8</subfield>
  </datafield>
  <datafield tag="999" ind1=" " ind2=" ">
    <subfield code="c">4059</subfield>
    <subfield code="d">4059</subfield>
  </datafield>
  <datafield tag="952" ind1=" " ind2=" ">
    <subfield code="0">0</subfield>
    <subfield code="1">0</subfield>
    <subfield code="2">ddc</subfield>
    <subfield code="4">0</subfield>
    <subfield code="7">0</subfield>
    <subfield code="8">BTECHME</subfield>
    <subfield code="a">PIET</subfield>
    <subfield code="b">PIET</subfield>
    <subfield code="d">2009-08-19</subfield>
    <subfield code="e">J B C, New Delhi</subfield>
    <subfield code="g">200.00</subfield>
    <subfield code="k">SI-1807</subfield>
    <subfield code="l">0</subfield>
    <subfield code="o">670 PAP</subfield>
    <subfield code="p">13247</subfield>
    <subfield code="r">2019-12-04 00:00:00</subfield>
    <subfield code="w">2009-07-28</subfield>
    <subfield code="y">BK</subfield>
  </datafield>
  <datafield tag="952" ind1=" " ind2=" ">
    <subfield code="0">0</subfield>
    <subfield code="1">0</subfield>
    <subfield code="2">ddc</subfield>
    <subfield code="4">0</subfield>
    <subfield code="7">0</subfield>
    <subfield code="8">BTECHME</subfield>
    <subfield code="a">PIET</subfield>
    <subfield code="b">PIET</subfield>
    <subfield code="d">2009-08-19</subfield>
    <subfield code="e">J B C, New Delhi</subfield>
    <subfield code="g">200.00</subfield>
    <subfield code="k">SI-1807</subfield>
    <subfield code="l">1</subfield>
    <subfield code="o">670 PAP</subfield>
    <subfield code="p">13248</subfield>
    <subfield code="r">2023-10-05 00:00:00</subfield>
    <subfield code="s">2023-09-14</subfield>
    <subfield code="w">2009-07-28</subfield>
    <subfield code="y">BK</subfield>
  </datafield>
  <datafield tag="952" ind1=" " ind2=" ">
    <subfield code="0">0</subfield>
    <subfield code="1">0</subfield>
    <subfield code="2">ddc</subfield>
    <subfield code="4">0</subfield>
    <subfield code="7">0</subfield>
    <subfield code="8">BTECHME</subfield>
    <subfield code="a">PIET</subfield>
    <subfield code="b">PIET</subfield>
    <subfield code="d">2009-08-19</subfield>
    <subfield code="e">J B C, New Delhi</subfield>
    <subfield code="g">200.00</subfield>
    <subfield code="k">SI-1807</subfield>
    <subfield code="l">1</subfield>
    <subfield code="o">670 PAP</subfield>
    <subfield code="p">13249</subfield>
    <subfield code="r">2020-12-11 00:00:00</subfield>
    <subfield code="s">2020-11-18</subfield>
    <subfield code="w">2009-07-28</subfield>
    <subfield code="y">BK</subfield>
  </datafield>
  <datafield tag="952" ind1=" " ind2=" ">
    <subfield code="0">0</subfield>
    <subfield code="1">0</subfield>
    <subfield code="2">ddc</subfield>
    <subfield code="4">0</subfield>
    <subfield code="7">0</subfield>
    <subfield code="8">BTECHME</subfield>
    <subfield code="a">PIET</subfield>
    <subfield code="b">PIET</subfield>
    <subfield code="d">2009-08-19</subfield>
    <subfield code="e">J B C, New Delhi</subfield>
    <subfield code="g">200.00</subfield>
    <subfield code="k">SI-1807</subfield>
    <subfield code="l">0</subfield>
    <subfield code="o">670 PAP</subfield>
    <subfield code="p">13250</subfield>
    <subfield code="r">2019-12-04 00:00:00</subfield>
    <subfield code="w">2009-07-28</subfield>
    <subfield code="y">BK</subfield>
  </datafield>
  <datafield tag="952" ind1=" " ind2=" ">
    <subfield code="0">0</subfield>
    <subfield code="1">0</subfield>
    <subfield code="2">ddc</subfield>
    <subfield code="4">0</subfield>
    <subfield code="7">0</subfield>
    <subfield code="8">BTECHME</subfield>
    <subfield code="a">PIET</subfield>
    <subfield code="b">PIET</subfield>
    <subfield code="d">2009-08-19</subfield>
    <subfield code="e">J B C, New Delhi</subfield>
    <subfield code="g">200.00</subfield>
    <subfield code="k">SI-1807</subfield>
    <subfield code="l">0</subfield>
    <subfield code="o">670 PAP</subfield>
    <subfield code="p">13251</subfield>
    <subfield code="r">2019-12-04 00:00:00</subfield>
    <subfield code="w">2009-07-28</subfield>
    <subfield code="y">BK</subfield>
  </datafield>
  <datafield tag="952" ind1=" " ind2=" ">
    <subfield code="0">0</subfield>
    <subfield code="1">0</subfield>
    <subfield code="2">ddc</subfield>
    <subfield code="4">0</subfield>
    <subfield code="7">0</subfield>
    <subfield code="8">BTECHME</subfield>
    <subfield code="a">PIET</subfield>
    <subfield code="b">PIET</subfield>
    <subfield code="d">2009-08-19</subfield>
    <subfield code="e">J B C, New Delhi</subfield>
    <subfield code="g">200.00</subfield>
    <subfield code="k">SI-1807</subfield>
    <subfield code="l">0</subfield>
    <subfield code="o">670 PAP</subfield>
    <subfield code="p">13252</subfield>
    <subfield code="r">2019-12-14 00:00:00</subfield>
    <subfield code="w">2009-07-28</subfield>
    <subfield code="y">BK</subfield>
  </datafield>
  <datafield tag="952" ind1=" " ind2=" ">
    <subfield code="0">0</subfield>
    <subfield code="1">0</subfield>
    <subfield code="2">ddc</subfield>
    <subfield code="4">0</subfield>
    <subfield code="7">0</subfield>
    <subfield code="8">BTECHME</subfield>
    <subfield code="a">PIET</subfield>
    <subfield code="b">PIET</subfield>
    <subfield code="d">2009-08-19</subfield>
    <subfield code="e">J B C, New Delhi</subfield>
    <subfield code="g">200.00</subfield>
    <subfield code="k">SI-1807</subfield>
    <subfield code="l">6</subfield>
    <subfield code="o">670 PAP</subfield>
    <subfield code="p">13253</subfield>
    <subfield code="r">2023-01-21 00:00:00</subfield>
    <subfield code="s">2023-01-19</subfield>
    <subfield code="w">2009-07-28</subfield>
    <subfield code="y">BK</subfield>
  </datafield>
  <datafield tag="952" ind1=" " ind2=" ">
    <subfield code="0">0</subfield>
    <subfield code="1">0</subfield>
    <subfield code="2">ddc</subfield>
    <subfield code="4">0</subfield>
    <subfield code="7">0</subfield>
    <subfield code="8">BTECHME</subfield>
    <subfield code="a">PIET</subfield>
    <subfield code="b">PIET</subfield>
    <subfield code="d">2009-08-19</subfield>
    <subfield code="e">J B C, New Delhi</subfield>
    <subfield code="g">200.00</subfield>
    <subfield code="k">SI-1807</subfield>
    <subfield code="l">0</subfield>
    <subfield code="o">670 PAP</subfield>
    <subfield code="p">13254</subfield>
    <subfield code="r">2019-12-04 00:00:00</subfield>
    <subfield code="w">2009-07-28</subfield>
    <subfield code="y">BK</subfield>
  </datafield>
  <datafield tag="952" ind1=" " ind2=" ">
    <subfield code="0">0</subfield>
    <subfield code="1">0</subfield>
    <subfield code="2">ddc</subfield>
    <subfield code="4">0</subfield>
    <subfield code="7">0</subfield>
    <subfield code="8">BTECHME</subfield>
    <subfield code="a">PIET</subfield>
    <subfield code="b">PIET</subfield>
    <subfield code="d">2009-08-19</subfield>
    <subfield code="e">J B C, New Delhi</subfield>
    <subfield code="g">200.00</subfield>
    <subfield code="k">SI-1807</subfield>
    <subfield code="l">1</subfield>
    <subfield code="o">670 PAP</subfield>
    <subfield code="p">13255</subfield>
    <subfield code="r">2021-01-07 00:00:00</subfield>
    <subfield code="s">2020-12-23</subfield>
    <subfield code="w">2009-07-28</subfield>
    <subfield code="y">BK</subfield>
  </datafield>
  <datafield tag="952" ind1=" " ind2=" ">
    <subfield code="0">0</subfield>
    <subfield code="1">0</subfield>
    <subfield code="2">ddc</subfield>
    <subfield code="4">0</subfield>
    <subfield code="7">0</subfield>
    <subfield code="8">BTECHME</subfield>
    <subfield code="a">PIET</subfield>
    <subfield code="b">PIET</subfield>
    <subfield code="d">2009-08-19</subfield>
    <subfield code="e">J B C, New Delhi</subfield>
    <subfield code="g">200.00</subfield>
    <subfield code="k">SI-1807</subfield>
    <subfield code="l">0</subfield>
    <subfield code="o">670 PAP</subfield>
    <subfield code="p">13256</subfield>
    <subfield code="r">2019-12-04 00:00:00</subfield>
    <subfield code="w">2009-07-28</subfield>
    <subfield code="y">BK</subfield>
  </datafield>
</record>
